Estatísticas para Cultura Geral

Clique aqui para jogar o quiz

Estatísticas Gerais

  • Esse quiz foi jogado 31 vezes
  • A pontuação média é 8 de 15

Estatísticas das Respostas

HintResposta% Correto
Que jogador de futebol argentino ganhou 7 vezes o Ballon d'Or?Messi
92%
Que país tem Bagdá como capital?Iraque
81%
Que deserto cobre a maior parte do Sudão?Saara
77%
Qual era a profissão do atual presidente da Ucrânia?Comediante
69%
Que gato de desenho animado compartilha seu nome com o 20º presidente dos Estados Unidos?Garfield
65%
Qual é a língua oficial do Uganda?Inglês
65%
Qual é o prato típico da Espanha?Paella
65%
Que grupo terrorista assumiu o Afeganistão em agosto de 2021?Talibã
65%
Qual é a capital da Argélia?Argel
62%
O que os espanhóis fazem á tarde antes de irem trabalhar?Dormem
46%
Quem é o atual rei de Espanha?Felipe VI
35%
Quem canta a música "Somewhere Only We Know"?Keane
19%
Que garota nativa americana supostamente salvou a vida de John Smith na colónia da Virgínia em 1607?Pocahontas
15%
Qual é a segunda cidade mais populosa da Ucrânia?Kharkiv
8%
Qual empresa foi fundada por Sam Walton em 1962?Walmart
8%

Distribuição das Pontuações

Percentil de Números Respondidos

Porcentagem de Pessoas com Cada Pontuação

Sua Pontuação Histórica

Você não jogou esse quiz